Регионална библиотека "Любен Каравелов" - Русе

Джени Герхарт (Запис номер 153327)

MARC детайли
000 -Лидер
Контролно поле с фиксирана дължина 01299nam a2200313 c 4500
003 - Код на организацията, давaща контролен номер
Контролно поле BLK
005 - Дата и час на последна редакция
Контролно поле 20240620164153.0
008 - Елементи от данни с фиксирана дължина
fixed length control field 180410b bul|||||r ||||||| ||bul||
010 ## - Наследен системен номер
LC control number KNG00159857000
040 ## - Източник на каталожния запис
Идентификатор на билиотеката - собственик на записа BLK
041 ## - Код за език
Код за езика на текст/звукозапис или на отделно заглавие Български
Код за езика КДБФ Български
080 ## - УДК
Текстов определител УДК Американска литература (на САЩ)
УДК код - определител по УДК 821.111(73)
УДК определител -31
УДК - код + определител 821.111(73)-31
100 1# - Редна дума - Автор
Автор Драйзер, Теодор
Авторска отговорност първи автор
R(LIN) 65267
139 ## - Редно поле
Редна дума Драйзер, Теодор
Авторски знак Драи - Д 87
245 10 - Сведения за заглавието
Заглавие Джени Герхарт
Подзаглавни данни Роман
Редно поле (дума) Теодор Драйзер; прев. от англ. Борис Табаков.
250 ## - Област на изданието
Сведения за изданието 2. изд.
257 ## - Страна на издаване
Страна на създаване/издаване Съединени американски щати
260 ## - Област на издателските данни
-- Пловдив
Име на издателя, разпространителя и проч. Христо Г. Данов
Година на издаване 1992
300 ## - Физическа характеристика
Страници 317 с.
Размери/Мащаб 20 см
380 ## - Жанр
Жанр Худож. лит.
500 ## - Общи забележки
Забележка Ориг. загл. Jenny Gerhard / Theodore Dreiser . - 1. изд. 1948 в Мозайка от знаменити съвр. романи ; Г. ХХХVIII, Кн. 5 и 6.
700 1# - Други автори (авторска отговорност)
Лично име Табаков, Борис
Автороска отговорност (Описва отношението между автора и произведението) прев. от англ.
9 (RLIN) 377594
852 ## - Местоположение
Форматна сигнатура Цб 167214
856 4# - Електронен адрес и достъп
Електронен формат pdf - файл
Път до файла /url/
856 4# - Електронен адрес и достъп
Електронен формат pdf - файл
Път до файла /url/
942 ## - АРТИКУЛИ
Вид на библиотечния материал Книги
Скрит в OPAC Не
Koha issues (borrowed), all copies 4
944 ## - СЪЗДАВАНЕ И РЕДАКЦИЯ на ЗАПИСА
Създаване/Редакция Създаване
Дата на регистрацията/редакция 17.04.2014
Статус, дата на статуса Галина Якимова
Служител, извършил регистрацията/редакцията 30564
944 ## - СЪЗДАВАНЕ И РЕДАКЦИЯ на ЗАПИСА
Създаване/Редакция Редакция
Дата на регистрацията/редакция 17.04.2014
Статус, дата на статуса 17.04.2014 - от С1,Р / 17.04.2014
Служител, извършил регистрацията/редакцията
999 ## - СИСТЕМНИ КОНТРОЛНИ НОМЕРА
Koha biblionumber 153327
Koha biblioitemnumber 153327
Наличности
Код за отписване Код за изгубен артикул Източник на класификационната схема Код за повреда Коз за рестрикции Код за отдаване Артикулен № Име на библиотеката - собственик Име на библиотеката, в която се намира в момента Статус (Текущо местоположение) Дата на вписване в системата Местоположение - отдел Цена в лева Инвентарен номер Систематично азбучна сигнатура Баркод Номер на екземпляра Цена в евро Служебна бележка Служебен тип на артикула
  Не е изгубен Universal Decimal Classification Не е повреден без рестрикции ползва се в читалня 256591 Регионална библиотека "Любен Каравелов" Русе Регионална библиотека "Любен Каравелов" Русе Хранилище 1992-01-01 Хранилище 22.00 564969 Цб 167214 120000564969 1 11.25 N: стар фонд Дата: 01.01.1992 Книги
Изтеглен Не е изгубен Universal Decimal Classification Не е повреден без рестрикции заемане за дома 256592 Регионална библиотека "Любен Каравелов" Русе Регионална библиотека "Любен Каравелов" Русе Заемна - подръчен фонд 1992-01-01 Заемна - подръчен фонд 22.00 563460 П820(73)-31/Д 87 563460 2 11.25 N: стар фонд Дата: 01.01.1992 Книги
  Не е изгубен Universal Decimal Classification Не е повреден без рестрикции заемане за дома 256593 Регионална библиотека "Любен Каравелов" Русе Регионална библиотека "Любен Каравелов" Русе Заемна - подръчен фонд 1992-01-01 Заемна - подръчен фонд 22.00 563461 П821-31/Д 87 120000563461 3 11.25 N: стар фонд Дата: 01.01.1992 Дата инв: 14.02.2018 Бележки инв: П2018 Книги
Изтеглен Не е изгубен Universal Decimal Classification Не е повреден без рестрикции заемане за дома 256594 Регионална библиотека "Любен Каравелов" Русе Регионална библиотека "Любен Каравелов" Русе Заемна - подръчен фонд 1992-01-01 Заемна - подръчен фонд 22.00 563462 П820(73)-31/Д 87 563462 4 11.25 N: стар фонд Дата: 01.01.1992 Книги
  Не е изгубен Universal Decimal Classification Не е повреден без рестрикции заемане за дома 256595 Регионална библиотека "Любен Каравелов" Русе Регионална библиотека "Любен Каравелов" Русе Заемна - подръчен фонд 1992-01-01 Заемна - подръчен фонд 22.00 563463 П820(73)-31/Д 87 120000563463 5 11.25 N: стар фонд Дата: 01.01.1992 Дата инв: 14.02.2018 Бележки инв: П2018 Книги
Vip Innovations Ltd, Rousse, Bulgaria 2025